[Event "19th EUR-ch"]
[Site "Batumi GEO"]
[Date "2018.03.24"]
[Round "7.79"]
[White "Kriebel, Tadeas"]
[Black "Danielian, Elina"]
[Result "1-0"]
[WhiteElo "2520"]
[BlackElo "2413"]
[EventDate "2018.03.17"]
[PlyCount "89"]

1.c4 e6 2.g3 c5 3.Bg2 Nc6 4.Nf3 Nf6 5.O-O d5 6.b3 Be7 7.e3 O-O 8.Bb2 b6 9.
Nc3 Bb7 10.cxd5 exd5 11.d4 Re8 12.Ne5 Nb4 13.a3 cxd4 14.exd4 Na6 15.Re1 
Nc7 16.b4 Bf8 17.Qd3 a5 18.b5 Rc8 19.Rac1 Qd6 20.h4 Ne6 21.Rcd1 Rc7 22.Re2
Rce7 23.Rde1 Nc7 24.Nd1 Ne4 25.Ne3 g6 26.Nxd5 Bxd5 27.Bxe4 Bxe4 28.Rxe4 f5
29.R4e2 Qd5 30.a4 Bg7 31.Nc6 Rxe2 32.Rxe2 Rxe2 33.Qxe2 Bf6 34.Ne7+ Bxe7 
35.Qxe7 Ne6 36.Qe8+ Kg7 37.Qc6 Qb3 38.d5+ Qxb2 39.Qxe6 Qf6 40.Qd7+ Kh6 41.
d6 f4 42.Qe7 Qa1+ 43.Kg2 fxg3 44.Qf8+ Kh5 45.Qf4 1-0

[Event "19th EUR-ch"]
[Site "Batumi GEO"]
[Date "2018.03.24"]
[Round "7.80"]
[White "Konaplev, Anton"]
[Black "Bellaiche, Anthony"]
[Result "1-0"]
[WhiteElo "2337"]
[BlackElo "2485"]
[EventDate "2018.03.17"]
[PlyCount "117"]

1.d4 Nf6 2.c4 e6 3.Nc3 Bb4 4.e3 O-O 5.Ne2 Re8 6.a3 Bf8 7.Ng3 d5 8.Be2 b6 
9.O-O Bb7 10.b4 a5 11.b5 g6 12.Bb2 Nbd7 13.Rc1 h5 14.f4 h4 15.Nh1 c5 16.
bxc6 Bxc6 17.Nf2 Qb8 18.Bf3 Qb7 19.a4 Rac8 20.Qe2 dxc4 21.Bxc6 Qxc6 22.e4 
Nb8 23.Nb5 Qa8 24.d5 Nbd7 25.d6 Qb7 26.Rxc4 Rxc4 27.Qxc4 Rc8 28.Qe2 h3 29.
g4 Bg7 30.Bxf6 Nxf6 31.g5 Nd7 32.Nxh3 Nc5 33.e5 Nxa4 34.Rd1 Qd7 35.Nf2 Rc5
36.Ne4 Rxb5 37.Qxb5 Qxb5 38.d7 Qe2 39.d8=Q+ Kh7 40.Qd4 Qg4+ 41.Kh1 Nc5 42.
Nd6 a4 43.Rf1 a3 44.Qe3 a2 45.Ra1 Bf8 46.h3 Qh5 47.Nxf7 Ne4 48.Kh2 Nc3 49.
Nd6 Nd5 50.Qf2 Nxf4 51.Qxf4 Qe2+ 52.Kg3 Bg7 53.Nf7 Qd3+ 54.Kh4 Qb1 55.Qd4 
b5 56.Nd6 b4 57.Ne4 b3 58.Nf6+ Bxf6 59.exf6 1-0

[Event "19th EUR-ch"]
[Site "Batumi GEO"]
[Date "2018.03.24"]
[Round "7.81"]
[White "Voit, Daria"]
[Black "Steinberg, Nitzan"]
[Result "0-1"]
[WhiteElo "2382"]
[BlackElo "2518"]
[EventDate "2018.03.17"]
[PlyCount "74"]

1.d4 Nf6 2.Nf3 d5 3.c4 e6 4.g3 Bb4+ 5.Bd2 Be7 6.Bg2 O-O 7.O-O Nbd7 8.Qc2 
Ne4 9.Bf4 c6 10.Nfd2 g5 11.Nxe4 gxf4 12.Ned2 fxg3 13.hxg3 f5 14.e3 Bd6 15.
f4 Kh8 16.Nc3 Rg8 17.Kf2 Qe7 18.Rh1 c5 19.Ne2 Nf6 20.Bf3 Bd7 21.dxc5 Bxc5 
22.Nb3 Bd6 23.cxd5 e5 24.fxe5 Bxe5 25.Nf4 Rae8 26.Qd2 Bxb2 27.Rab1 Be5 28.
Nd4 Qg7 29.Rbg1 Rc8 30.Qd3 Qf8 31.Nxf5 Rc3 32.Qb1 Qc5 33.Ne6 Rc2+ 34.Be2 
Bxe6 35.dxe6 Ne4+ 36.Kg2 Rxe2+ 37.Kh3 Nf2+ 0-1

[Event "19th EUR-ch"]
[Site "Batumi GEO"]
[Date "2018.03.24"]
[Round "7.82"]
[White "Hayrapetyan, Artavazd R."]
[Black "Nguyen, Thai Dai Van"]
[Result "0-1"]
[WhiteElo "2370"]
[BlackElo "2517"]
[EventDate "2018.03.17"]
[PlyCount "64"]

1.d4 Nf6 2.Nf3 e6 3.c4 d5 4.Nc3 c5 5.e3 cxd4 6.Nxd4 Nc6 7.cxd5 exd5 8.Be2 
Bd6 9.b3 Be5 10.Bb2 Nxd4 11.exd4 Bd6 12.Qc1 O-O 13.Ba3 Bxa3 14.Qxa3 Ne4 
15.Qb2 Qg5 16.Bf3 Re8 17.Ne2 Bf5 18.Rd1 Rac8 19.O-O h5 20.Nc1 Rc7 21.Nd3 
Rec8 22.Nb4 Bg6 23.h4 Qxh4 24.Nxd5 Rc2 25.Qa3 Nxf2 26.Rxf2 Qxf2+ 27.Kh1 
Qh4+ 28.Kg1 Re8 29.Qb4 Qf2+ 30.Kh1 Re4 31.Ne7+ Kh7 32.Nxg6 fxg6 0-1

[Event "19th EUR-ch"]
[Site "Batumi GEO"]
[Date "2018.03.24"]
[Round "7.83"]
[White "Godena, Michele"]
[Black "Schekachikhin, Maksim"]
[Result "1-0"]
[WhiteElo "2505"]
[BlackElo "2406"]
[EventDate "2018.03.17"]
[PlyCount "35"]

1.e4 c6 2.d3 d5 3.Nd2 Qc7 4.g3 Nf6 5.Bg2 e5 6.Ngf3 Bd6 7.O-O O-O 8.Re1 Re8
9.d4 exd4 10.exd5 Rxe1+ 11.Qxe1 c5 12.Nc4 Bf5 13.Nxd6 Qxd6 14.Bf4 Qb6 15.
Bxb8 Qxb2 16.Rb1 Qxc2 17.Rxb7 Be4 18.Ng5 1-0

[Event "19th EUR-ch"]
[Site "Batumi GEO"]
[Date "2018.03.24"]
[Round "7.84"]
[White "Sanikidze, Tornike"]
[Black "Kalashian, David"]
[Result "1-0"]
[WhiteElo "2501"]
[BlackElo "2399"]
[EventDate "2018.03.17"]
[PlyCount "119"]

1.d4 Nf6 2.c4 e6 3.Nf3 b6 4.a3 Ba6 5.Qb3 c5 6.d5 exd5 7.cxd5 g6 8.Bf4 d6 
9.Nc3 Bg7 10.e4 Bxf1 11.Kxf1 O-O 12.h3 Na6 13.e5 dxe5 14.Nxe5 Nh5 15.Bh2 
Re8 16.Nc6 Qd7 17.g4 Nf6 18.Rd1 Rac8 19.Ne5 Qb7 20.Nc4 Bf8 21.Be5 Nd7 22.
Bg3 Nc7 23.Kg1 b5 24.Bxc7 Qxc7 25.Qxb5 Rb8 26.d6 Qc8 27.Qa4 Bg7 28.Nd5 Qb7
29.Na5 Qxb2 30.Ne7+ Kh8 31.Qxd7 Bd4 32.Rh2 Qxa3 33.Nac6 Qf3 34.Rf1 Ra8 35.
Nxd4 cxd4 36.Qa4 Qf4 37.Nd5 Qxd6 38.Qxd4+ Qe5 39.Qxe5+ Rxe5 40.Ne3 a5 41.
Kg2 a4 42.Ra1 a3 43.Nc4 Rc5 44.Rxa3 Rb8 45.Ne3 h5 46.Rh1 Rb2 47.Rd1 hxg4 
48.hxg4 Kg7 49.Rd7 Rc6 50.g5 Rc5 51.Rd5 Rxd5 52.Nxd5 Rd2 53.Nf6 Rb2 54.
Ne8+ Kf8 55.Nf6 Kg7 56.Kg3 Rb5 57.f4 Rb1 58.Ra7 Re1 59.Kf2 Re6 60.Ng4 1-0

[Event "19th EUR-ch"]
[Site "Batumi GEO"]
[Date "2018.03.24"]
[Round "7.85"]
[White "Arabidze, Meri"]
[Black "Harutyunian, Tigran K."]
[Result "1/2-1/2"]
[WhiteElo "2369"]
[BlackElo "2501"]
[EventDate "2018.03.17"]
[PlyCount "151"]

1.d4 Nf6 2.c4 e6 3.Nc3 Bb4 4.f3 c5 5.d5 O-O 6.e4 d6 7.Ne2 a6 8.Be3 b5 9.
Nf4 exd5 10.Nxd5 Nxd5 11.Qxd5 Qb6 12.Rd1 Nc6 13.a3 Be6 14.Qd2 Bxc3 15.Qxc3
Ne5 16.cxb5 axb5 17.Be2 Ra4 18.O-O b4 19.axb4 Qxb4 20.Rxd6 Qxc3 21.bxc3 
Nc4 22.Bxc4 Rxc4 23.Rc1 Rc8 24.g4 h6 25.h4 Ra4 26.Kf2 Ra2+ 27.Rd2 Rxd2+ 
28.Bxd2 f6 29.Be3 Kf7 30.Rb1 Ke7 31.Rb5 Kd6 32.Rb6+ Ke7 33.h5 Bd7 34.Kg3 
Rc7 35.Bf4 Rc6 36.Rb8 Rc8 37.Rb7 Ke6 38.Ra7 Rc6 39.Be3 Rc8 40.Bf2 Kd6 41.
Kf4 Ke6 42.Ra6+ Ke7 43.e5 fxe5+ 44.Kxe5 Rc7 45.Rg6 Kf7 46.Kd6 Rb7 47.Kxc5 
Be8 48.f4 Rc7+ 49.Kb6 Rxc3 50.Bd4 Rg3 51.Rxg7+ Kf8 52.Kc5 Bf7 53.Be5 Rg1 
54.Kd4 Be8 55.Bf6 Rd1+ 56.Ke5 Rd7 57.Rg6 Bxg6 58.hxg6 Rd1 59.Kf5 Rg1 60.
Bd4 Rg2 61.Bc5+ Kg7 62.Bd4+ Kg8 63.Be5 Rg1 64.Bd4 Rg2 65.Bf6 Rg1 66.Bh4 
Kg7 67.Bf6+ Kg8 68.Be5 Rg2 69.Bd4 Rg3 70.Be5 Rg1 71.Bc7 Kg7 72.Bb6 Rg2 73.
Bd8 Rg1 74.Bh4 Rg2 75.Bf6+ Kg8 76.Be5 1/2-1/2

[Event "19th EUR-ch"]
[Site "Batumi GEO"]
[Date "2018.03.24"]
[Round "7.86"]
[White "Davtian, Artur"]
[Black "Kobo, Ori"]
[Result "1/2-1/2"]
[WhiteElo "2351"]
[BlackElo "2500"]
[EventDate "2018.03.17"]
[PlyCount "148"]

1.d4 d6 2.Nf3 Nf6 3.c4 g6 4.Nc3 Bf5 5.Nh4 Bd7 6.e4 Bg7 7.Be2 e5 8.Nf3 exd4
9.Nxd4 O-O 10.O-O Re8 11.f3 Nc6 12.Be3 Nh5 13.Nxc6 bxc6 14.Qd2 c5 15.Rad1 
Rb8 16.b3 f5 17.g4 Nf6 18.g5 Nh5 19.f4 Bxc3 20.Qxc3 Rxe4 21.Bxh5 gxh5 22.
Bc1 Kf7 23.Bb2 Qf8 24.Rd3 Ke6 25.Re1 Bc6 26.Rh3 Be8 27.Rhe3 Bg6 28.Rxe4+ 
fxe4 29.Qh3+ Qf5 30.Rxe4+ Kd7 31.Qxf5+ Bxf5 32.Re1 a5 33.Bf6 Kc6 34.Re7 
Bb1 35.Bc3 Kb6 36.Re2 Rf8 37.Bf6 a4 38.Kf2 Ra8 39.Rb2 Be4 40.Ke1 Kc6 41.
Kf2 Bf5 42.Bc3 Kd7 43.Bf6 Re8 44.Re2 Rb8 45.Rb2 Bg6 46.Bc3 Rf8 47.Bf6 Rb8 
48.Bc3 Ra8 49.Bf6 axb3 50.axb3 Ra3 51.Ke3 Ke6 52.Kd2 Ra1 53.Ke3 Ra8 54.Kd2
Kf5 55.b4 Kxf4 56.bxc5 dxc5 57.Be7 Ra4 58.Kc3 Ra3+ 59.Rb3 Ra1 60.Bxc5 Rc1+
61.Kb4 Rc2 62.Rh3 Kxg5 63.Be7+ Kg4 64.Rg3+ Kf4 65.Bg5+ Ke4 66.h4 Bf7 67.
Rc3 Rb2+ 68.Kc5 Rb6 69.Re3+ Kf5 70.Re7 Kg6 71.Rxc7 Re6 72.Kb5 Be8+ 73.Kb4 
h6 74.Be7 Kf5 1/2-1/2

[Event "19th EUR-ch"]
[Site "Batumi GEO"]
[Date "2018.03.24"]
[Round "7.87"]
[White "Goryachkina, Aleksandra"]
[Black "Muradli, Mahammad"]
[Result "1-0"]
[WhiteElo "2491"]
[BlackElo "2398"]
[EventDate "2018.03.17"]
[PlyCount "111"]

1.d4 g6 2.c4 Bg7 3.e4 d6 4.Nc3 e5 5.d5 Nd7 6.Be2 a5 7.Be3 Bh6 8.Bxh6 Nxh6 
9.h4 Kf8 10.Qd2 Kg7 11.g4 f6 12.f3 Nc5 13.Bd3 Nf7 14.Nge2 h5 15.gxh5 Rxh5 
16.Ng3 Rh7 17.O-O-O Bd7 18.Rdg1 Qh8 19.h5 g5 20.Bf1 Nh6 21.Bh3 Qc8 22.Bxd7
Qxd7 23.Kb1 Kh8 24.Nf1 Rg7 25.Ne3 Kh7 26.Qc2 Rf8 27.Rh2 Kh8 28.Ng4 Kh7 29.
Nd1 f5 30.Nxh6 Kxh6 31.Ne3 fxe4 32.fxe4 Rf4 33.Nf5+ Kh7 34.Nxg7 Qxg7 35.
Rhg2 Kh6 36.a3 Nxe4 37.Ka2 g4 38.Qa4 Nf6 39.Qxa5 Rxc4 40.Qb5 Rd4 41.Qxb7 
Nxd5 42.Qc8 Nf6 43.Ka1 Kg5 44.Rh2 Kh6 45.Rc2 c5 46.Qe6 Qg5 47.Rf2 Rf4 48.
Rd2 Qf5 49.Qxd6 Rf1+ 50.Rxf1 Qxf1+ 51.Rd1 Qf3 52.Rg1 g3 53.Qxe5 Ne4 54.
Qh8+ Kg5 55.h6 Qe3 56.Qg7+ 1-0

[Event "19th EUR-ch"]
[Site "Batumi GEO"]
[Date "2018.03.24"]
[Round "7.88"]
[White "Pavlov, Sergey"]
[Black "Polivanov, Anatoliy"]
[Result "1-0"]
[WhiteElo "2485"]
[BlackElo "2383"]
[EventDate "2018.03.17"]
[PlyCount "113"]

1.c4 e6 2.g3 d5 3.Bg2 Nf6 4.Nf3 d4 5.O-O c5 6.e3 Nc6 7.exd4 cxd4 8.d3 Bd6 
9.Na3 O-O 10.Nc2 e5 11.b4 Re8 12.Re1 a6 13.Bg5 Bf5 14.Nh4 Bd7 15.c5 Bf8 
16.Qf3 Re6 17.Bh3 h6 18.Bxe6 hxg5 19.Bxd7 Qxd7 20.Ng2 Qh3 21.Re4 g4 22.Qe2
Nxe4 23.Qxe4 Qh7 24.Nge1 a5 25.Qxg4 Nxb4 26.Nxb4 axb4 27.Qd7 b3 28.Qxb7 
Rxa2 29.Rxa2 bxa2 30.Qa8 Qg6 31.Qxa2 Bxc5 32.Qd5 Qd6 33.Qe4 Qf6 34.Nf3 Bd6
35.h4 g6 36.Qd5 Qf5 37.Kg2 Bf8 38.Nxe5 Bg7 39.Qd8+ Kh7 40.Nf3 Bf6 41.Qd6 
Kg8 42.Nxd4 Bxd4 43.Qd8+ Kh7 44.Qxd4 Qb5 45.Qe4 f5 46.Qe7+ Kh6 47.Qd8 Qc6+
48.Kh2 Kh7 49.Qe7+ Kg8 50.Qg5 Qd6 51.h5 Qxd3 52.Qxg6+ Kh8 53.g4 Qd2 54.
Qxf5 Qd6+ 55.Kg2 Qc6+ 56.Qf3 Qe6 57.Qf8+ 1-0

[Event "19th EUR-ch"]
[Site "Batumi GEO"]
[Date "2018.03.24"]
[Round "7.89"]
[White "Danielyan, Vahe"]
[Black "Girya, Olga"]
[Result "1-0"]
[WhiteElo "2331"]
[BlackElo "2482"]
[EventDate "2018.03.17"]
[PlyCount "61"]

1.Nf3 d5 2.g3 Bg4 3.Ne5 Bf5 4.d4 Nf6 5.Bg2 c6 6.O-O e6 7.c4 Be7 8.Nc3 Nbd7
9.h3 O-O 10.g4 Bg6 11.f4 Nxe5 12.dxe5 Nd7 13.cxd5 cxd5 14.f5 Nxe5 15.Bf4 
Nc4 16.fxg6 hxg6 17.b3 Qb6+ 18.Kh1 Ne3 19.Na4 Nxd1 20.Nxb6 axb6 21.Rfxd1 
Bf6 22.Rac1 Rxa2 23.g5 Be7 24.Rc7 Bc5 25.Bf3 Rb2 26.Rd3 Ra8 27.Be3 Ra3 28.
Bxc5 bxc5 29.Rxb7 c4 30.Rb8+ Kh7 31.Rd4 1-0

[Event "19th EUR-ch"]
[Site "Batumi GEO"]
[Date "2018.03.24"]
[Round "7.90"]
[White "Sargsian, Shant"]
[Black "Aliev, Ravan"]
[Result "1-0"]
[WhiteElo "2481"]
[BlackElo "2330"]
[EventDate "2018.03.17"]
[PlyCount "57"]

1.d4 d5 2.c4 c6 3.Nc3 Nf6 4.e3 e6 5.b3 c5 6.Nf3 Nc6 7.Bb2 cxd4 8.Nxd4 Nxd4
9.Qxd4 dxc4 10.Qxd8+ Kxd8 11.O-O-O+ Bd7 12.Bxc4 Rc8 13.Kb1 Ke8 14.Nb5 a6 
15.Nd6+ Bxd6 16.Rxd6 Bc6 17.f3 Nd5 18.Re1 Nc7 19.Red1 Ke7 20.e4 f6 21.Ba3 
Kf7 22.Bb4 Rhe8 23.a4 Na8 24.Rc1 Nb6 25.Bxa6 bxa6 26.Rdxc6 Rb8 27.Bd6 Nxa4
28.Bxb8 Rxb8 29.Kc2 1-0

[Event "19th EUR-ch"]
[Site "Batumi GEO"]
[Date "2018.03.24"]
[Round "7.91"]
[White "Sadikhov, Ulvi"]
[Black "Pogosyan, Stefan"]
[Result "1-0"]
[WhiteElo "2477"]
[BlackElo "2322"]
[EventDate "2018.03.17"]
[PlyCount "89"]

1.e4 c5 2.Nf3 e6 3.d4 cxd4 4.Nxd4 Nc6 5.Nc3 Qc7 6.Nb3 Nf6 7.Bd3 a6 8.O-O 
b5 9.f4 d6 10.Qf3 Bb7 11.Qg3 h5 12.h3 h4 13.Qf2 Be7 14.Be3 Nd7 15.a4 b4 
16.Ne2 g5 17.fxg5 Nde5 18.Ned4 Nxd4 19.Nxd4 Kd7 20.Nf3 Nxf3+ 21.Qxf3 Rh7 
22.c3 bxc3 23.Rac1 Qa5 24.Rxc3 Bxg5 25.Rfc1 Rg8 26.Rb3 Bc6 27.Rbc3 Bb7 28.
b4 Qd8 29.b5 Bxe3+ 30.Qxe3 Rhg7 31.Bf1 f5 32.exf5 exf5 33.b6 Qf6 34.Rc7+ 
Kd8 35.Rxb7 Rxb7 36.Bxa6 Rb8 37.b7 Qe5 38.Qf2 Qg3 39.Qd2 Ke7 40.Bc4 Rg7 
41.Bd5 Kf6 42.Re1 Qg5 43.Re6+ Kf7 44.Rh6+ Ke7 45.Qe1+ 1-0

[Event "19th EUR-ch"]
[Site "Batumi GEO"]
[Date "2018.03.24"]
[Round "7.92"]
[White "Jurcik, Marian"]
[Black "Gvetadze, Sofio"]
[Result "1-0"]
[WhiteElo "2473"]
[BlackElo "2308"]
[EventDate "2018.03.17"]
[PlyCount "67"]

1.e4 c6 2.d4 g6 3.Nf3 Bg7 4.c3 d6 5.Bd3 Nd7 6.Nbd2 Ngf6 7.O-O O-O 8.Re1 
Nh5 9.a4 e5 10.Nc4 Qc7 11.a5 b5 12.axb6 Nxb6 13.Nxb6 Qxb6 14.dxe5 dxe5 15.
Nd2 Rd8 16.Nc4 Qc7 17.Qc2 Nf4 18.Bf1 f5 19.Be3 Be6 20.Ra5 fxe4 21.Rea1 Nd5
22.Bc5 Bf5 23.Ne3 Kh8 24.g3 Qf7 25.Rxa7 Rxa7 26.Rxa7 Qe6 27.Bg2 Nf4 28.
Bxe4 Bxe4 29.Qxe4 Nh3+ 30.Kg2 Ng5 31.Qg4 Qxg4 32.Nxg4 h5 33.Be7 Rd1 34.Ne3
1-0

[Event "19th EUR-ch"]
[Site "Batumi GEO"]
[Date "2018.03.24"]
[Round "7.93"]
[White "Kanmazalp, Ogulcan"]
[Black "Manafov, Vugar"]
[Result "0-1"]
[WhiteElo "2473"]
[BlackElo "2263"]
[EventDate "2018.03.17"]
[PlyCount "114"]

1.e4 Nf6 2.e5 Nd5 3.d4 d6 4.Nf3 h6 5.Bc4 Nb6 6.Bb3 d5 7.O-O Nc6 8.c3 Bf5 
9.Nh4 Bh7 10.e6 fxe6 11.Bc2 Bxc2 12.Qxc2 g5 13.Ng6 Rg8 14.f4 g4 15.Ne5 Qd6
16.b3 Rg7 17.a4 Nc8 18.Ba3 Qd8 19.Nd2 Nd6 20.Rae1 Nxe5 21.fxe5 Nf5 22.Rxf5
exf5 23.Qxf5 Rg5 24.Qh7 Kd7 25.Rf1 Qe8 26.Rf7 Ke6 27.Rf2 Qg6 28.Qxg6+ Rxg6
29.Nf1 h5 30.Bc1 h4 31.g3 h3 32.Bf4 Kd7 33.Ne3 e6 34.Kf1 c5 35.Ke2 cxd4 
36.cxd4 Rc8 37.Kd3 Bb4 38.Nd1 Ke7 39.Be3 a6 40.Ra2 Rf8 41.Bf4 Kd7 42.Ne3 
Rc8 43.Nd1 Rgg8 44.Be3 Rc7 45.Bf4 Ke7 46.Be3 Rf8 47.Bg5+ Kd7 48.Bf4 Rfc8 
49.Rb2 Ba3 50.Ra2 Bc1 51.Rf2 Bxf4 52.Rxf4 Rc2 53.Rf7+ Ke8 54.Rxb7 Rxh2 55.
Ne3 Rg2 56.Nxg4 Rxg3+ 57.Ne3 Rc1 0-1

[Event "19th EUR-ch"]
[Site "Batumi GEO"]
[Date "2018.03.24"]
[Round "7.94"]
[White "Suleymanli, Aydin"]
[Black "Miron, Lucian-Costin"]
[Result "1-0"]
[WhiteElo "2210"]
[BlackElo "2471"]
[EventDate "2018.03.17"]
[PlyCount "69"]

1.d4 Nf6 2.c4 e6 3.Nc3 Bb4 4.Nf3 c5 5.g3 Nc6 6.Bg2 Ne4 7.Bd2 Nxd2 8.Qxd2 
cxd4 9.Nxd4 O-O 10.O-O Ne5 11.b3 a6 12.a3 Be7 13.Rfd1 Qc7 14.Qe3 d6 15.
Rac1 Rb8 16.h3 Bd7 17.a4 Rfe8 18.Rc2 Bf8 19.Nf3 Nxf3+ 20.Bxf3 b5 21.axb5 
axb5 22.Rcc1 bxc4 23.bxc4 Qxc4 24.Ne4 Qb4 25.Rc7 Rbd8 26.Qa7 Ba4 27.Rd4 
Qb1+ 28.Kg2 Ra8 29.Nf6+ gxf6 30.Rg4+ Kh8 31.Bxa8 Bc2 32.Bc6 Rd8 33.Rxf7 
Bg6 34.Rxf6 Qb3 35.Qc7 1-0

[Event "19th EUR-ch"]
[Site "Batumi GEO"]
[Date "2018.03.24"]
[Round "7.95"]
[White "Lobanov, Sergei"]
[Black "Yeritsian, Hayk"]
[Result "1-0"]
[WhiteElo "2468"]
[BlackElo "2149"]
[EventDate "2018.03.17"]
[PlyCount "117"]

1.e4 c5 2.Nf3 Nc6 3.Bb5 g6 4.Bxc6 dxc6 5.d3 Bg7 6.h3 Nf6 7.Nc3 O-O 8.Be3 
Nd7 9.Qd2 Re8 10.Bh6 Nf8 11.h4 e5 12.Bxg7 Kxg7 13.h5 Qf6 14.hxg6 fxg6 15.
Qh6+ Kg8 16.Ng5 Qg7 17.Qh4 Re7 18.O-O-O Ne6 19.g3 Qf6 20.f4 Nxg5 21.fxg5 
Qg7 22.Rdf1 Bd7 23.Rf6 Rf8 24.Rhf1 Ref7 25.Nd1 Rxf6 26.gxf6 Qf7 27.Qh6 Be6
28.Ne3 Qd7 29.Qg5 Qd6 30.g4 Rf7 31.a3 Kf8 32.Nc4 Bxc4 33.dxc4 Ke8 34.Qh4 
Qe6 35.g5 Kd7 36.Rd1+ Kc7 37.Qh2 b6 38.b3 Kc8 39.Rd3 Kb7 40.Rd8 h5 41.Rg8 
Rd7 42.Rxg6 Qg4 43.Kb2 Ka6 44.Qxe5 Qd1 45.Qc3 h4 46.Rh6 Qg1 47.Rxh4 Rd1 
48.Ka2 Qxg5 49.Rh7 Rf1 50.b4 Qxf6 51.b5+ cxb5 52.cxb5+ Kxb5 53.Qb3+ Kc6 
54.Qa4+ Kd6 55.Qd7+ Ke5 56.Qd5+ Kf4 57.Rf7 Ra1+ 58.Kb3 Rb1+ 59.Kc4 1-0

[Event "19th EUR-ch"]
[Site "Batumi GEO"]
[Date "2018.03.24"]
[Round "7.96"]
[White "Abdullayev, Elshad"]
[Black "Antipov, Mikhail"]
[Result "0-1"]
[WhiteElo "2168"]
[BlackElo "2616"]
[EventDate "2018.03.17"]
[PlyCount "120"]

1.d4 Nf6 2.c4 c6 3.Nc3 d5 4.e3 a6 5.Nf3 Bf5 6.Be2 e6 7.Nh4 Be4 8.f3 Bg6 9.
a3 Nbd7 10.O-O Bd6 11.c5 Bc7 12.f4 Ne4 13.Qe1 Nxc3 14.bxc3 Be4 15.Ra2 O-O 
16.Nf3 Ba5 17.Bd2 b6 18.cxb6 Bxb6 19.a4 c5 20.Ng5 Bg6 21.h4 h6 22.h5 Bf5 
23.g4 hxg5 24.gxf5 exf5 25.fxg5 Qxg5+ 26.Kh1 Rae8 27.Rg1 Qf6 28.Qg3 cxd4 
29.cxd4 Bxd4 30.exd4 Rxe2 31.Bg5 Qe6 32.Bf4 Qe4+ 33.Rg2 Qxg2+ 34.Qxg2 Rxg2
35.Rxg2 Re8 36.h6 g6 37.Rc2 Re4 38.Bd6 Re1+ 39.Kg2 Re6 40.Bf4 g5 41.Rc8+ 
Kh7 42.Rc7 gxf4 43.Rxd7 Kxh6 44.Rxf7 Kg5 45.Rd7 Re2+ 46.Kf3 Re3+ 47.Kf2 
Ra3 48.Rxd5 Kg4 49.Rd6 Ra2+ 50.Kg1 Rxa4 51.d5 Ra1+ 52.Kf2 Ra2+ 53.Kg1 Kf3 
54.Rb6 a5 55.Rb3+ Ke2 56.Kg2 Rd2 57.Ra3 Rxd5 58.Ra2+ Kd3 59.Kf3 Kc3 60.Ra1
Kb2 0-1

[Event "19th EUR-ch"]
[Site "Batumi GEO"]
[Date "2018.03.24"]
[Round "7.97"]
[White "Moroni, Luca jr"]
[Black "Tsoi, Dmitry"]
[Result "1/2-1/2"]
[WhiteElo "2559"]
[BlackElo "2347"]
[EventDate "2018.03.17"]
[PlyCount "117"]

1.c4 Nf6 2.Nc3 e6 3.e4 d5 4.e5 d4 5.exf6 dxc3 6.bxc3 Qxf6 7.d4 b6 8.Be2 
Bb7 9.Bf3 Bxf3 10.Nxf3 Nd7 11.O-O Bd6 12.Bg5 Qf5 13.Qa4 h6 14.Bh4 g5 15.
Bg3 Qa5 16.Qxa5 bxa5 17.Rab1 Bxg3 18.hxg3 Nb6 19.c5 Nc4 20.Rfd1 Nb6 21.Rf1
Nc4 22.Rfd1 Kd7 23.d5 Rab8 24.c6+ Kd6 25.dxe6+ Kxe6 26.Rxb8 Rxb8 27.Rd7 
Rc8 28.Nd4+ Kf6 29.Rd5 Re8 30.g4 a4 31.Rf5+ Kg6 32.Rc5 Re1+ 33.Kh2 Nb2 34.
Ra5 Nd1 35.f3 Nxc3 36.Rxa7 Nxa2 37.Rxc7 Nb4 38.Ra7 Rd1 39.c7 Rc1 40.Nf5 
Nd5 41.Ra6+ f6 42.Rxa4 Rxc7 43.Ra6 Ne7 44.Ng3 Kf7 45.Ne4 Rc6 46.Ra7 Re6 
47.Ng3 Kg8 48.Kg1 Kf8 49.Kf2 Kg8 50.Ne2 f5 51.Nd4 Re5 52.g3 fxg4 53.fxg4 
Re4 54.Nf5 Nxf5 55.gxf5 g4 56.Ra6 Kg7 57.Rg6+ Kh7 58.Re6 Rxe6 59.fxe6 
1/2-1/2

[Event "19th EUR-ch"]
[Site "Batumi GEO"]
[Date "2018.03.24"]
[Round "7.98"]
[White "Krykun, Yuriy"]
[Black "Kantans, Toms"]
[Result "0-1"]
[WhiteElo "2340"]
[BlackElo "2508"]
[EventDate "2018.03.17"]
[PlyCount "78"]

1.Nf3 f5 2.g3 Nf6 3.Bg2 e6 4.O-O d5 5.c4 Be7 6.b3 O-O 7.Ba3 Bxa3 8.Nxa3 
Qe7 9.Nc2 dxc4 10.bxc4 e5 11.d4 e4 12.Nd2 c5 13.Nb3 cxd4 14.Qxd4 Nc6 15.
Qb2 Be6 16.Ne3 f4 17.gxf4 Nh5 18.f5 Bxf5 19.Nd5 Qh4 20.Nd4 Bh3 21.Bxh3 
Qxh3 22.Rac1 Rae8 23.Rc3 Qg4+ 24.Rg3 Nxg3 25.hxg3 e3 26.Nf3 exf2+ 27.Rxf2 
Qxc4 28.Nf4 b5 29.Rh2 Rf5 30.Qb1 g6 31.Qb2 b4 32.e4 Rxe4 33.Rc2 Qb5 34.
Qb3+ Rf7 35.a4 Qb6+ 36.Kg2 Re3 37.Qd5 Ne7 38.Qc4 Qb7 39.Rf2 g5 0-1

[Event "19th EUR-ch"]
[Site "Batumi GEO"]
[Date "2018.03.24"]
[Round "7.99"]
[White "Martynov, Roman"]
[Black "Fernandez, Daniel Howard"]
[Result "1/2-1/2"]
[WhiteElo "2319"]
[BlackElo "2505"]
[EventDate "2018.03.17"]
[PlyCount "104"]

1.d4 Nf6 2.Nf3 e6 3.c4 Bb4+ 4.Bd2 c5 5.Bxb4 cxb4 6.a3 bxa3 7.Rxa3 d6 8.b4 
a5 9.b5 b6 10.e3 Bb7 11.Be2 Nbd7 12.O-O Rc8 13.Nfd2 Ne4 14.Nxe4 Bxe4 15.
Nd2 Bb7 16.f4 O-O 17.e4 e5 18.Qa1 exd4 19.Qxd4 Qf6 20.e5 Qe6 21.Re3 dxe5 
22.fxe5 Rcd8 23.Nf3 Nc5 24.Qh4 Qg6 25.Ne1 f5 26.exf6 Rxf6 27.Rxf6 Qxf6 28.
Qxf6 gxf6 29.Nd3 Ne4 30.Nf2 f5 31.Nxe4 Bxe4 32.Kf2 Kf7 33.g4 Kf6 34.gxf5 
Kxf5 35.Rc3 Rc8 36.Ke3 Ke5 37.Rc1 a4 38.Ra1 Ra8 39.Ra3 Bc2 40.Kd2 Bb3 41.
Kc3 Rf8 42.Bd3 Rf3 43.Ra1 Rh3 44.Re1+ Kd6 45.Re2 Rf3 46.Rg2 Rh3 47.Rg7 a3 
48.Rb7 Ba2 49.Kd4 Rh4+ 50.Kc3 Rh3 51.Kd4 Rh4+ 52.Kc3 Ke5 1/2-1/2

[Event "19th EUR-ch"]
[Site "Batumi GEO"]
[Date "2018.03.24"]
[Round "7.100"]
[White "Golubov, Saveliy"]
[Black "Demianjuk, Alexander"]
[Result "1-0"]
[WhiteElo "2495"]
[BlackElo "2313"]
[EventDate "2018.03.17"]
[PlyCount "79"]

1.c4 e5 2.Nc3 Nf6 3.g3 Bb4 4.Bg2 O-O 5.a3 Bxc3 6.bxc3 Nc6 7.e4 d6 8.Ne2 
Be6 9.d3 Nd7 10.O-O f5 11.exf5 Bxf5 12.h3 h5 13.f4 Qe8 14.fxe5 dxe5 15.d4 
Bh7 16.Rxf8+ Nxf8 17.d5 Na5 18.d6 Kh8 19.c5 Qb5 20.Be3 c6 21.Ra2 Nd7 22.
Nc1 Nc4 23.Bf2 Nxc5 24.a4 Qa5 25.Qxh5 Nxd6 26.Qxe5 Nb3 27.Qxd6 Nxc1 28.Rd2
Nb3 29.Rd1 Qxc3 30.Qe7 b6 31.Rd6 Na5 32.Bd4 Qc1+ 33.Kh2 Rg8 34.Rd7 Qh6 35.
g4 Qf4+ 36.Kg1 Qc1+ 37.Bf1 Qh6 38.g5 Qg6 39.Bd3 Re8 40.Rd8 1-0

[Event "19th EUR-ch"]
[Site "Batumi GEO"]
[Date "2018.03.24"]
[Round "7.101"]
[White "Shevelev, Arkady"]
[Black "Mindlin, Alon"]
[Result "0-1"]
[WhiteElo "2309"]
[BlackElo "2442"]
[EventDate "2018.03.17"]
[PlyCount "140"]

1.e4 e5 2.Nf3 Nc6 3.Nc3 g6 4.d4 exd4 5.Nxd4 Bg7 6.Be3 Nf6 7.g3 O-O 8.Bg2 
d6 9.h3 Re8 10.O-O Bd7 11.Re1 Qc8 12.Kh2 Re5 13.Nxc6 bxc6 14.Bd4 Rh5 15.h4
Ng4+ 16.Kg1 Ne5 17.f4 Bg4 18.Qd2 c5 19.Bxe5 dxe5 20.f5 Qd8 21.Qxd8+ Rxd8 
22.fxg6 hxg6 23.Nd5 g5 24.Ne3 Be6 25.Bf3 Rh6 26.hxg5 Rg6 27.Rad1 Rb8 28.b3
Rxg5 29.Kf2 c4 30.Nd5 Rb7 31.Ne7+ Kf8 32.Nc6 Bf6 33.Nd8 Bxd8 34.Rxd8+ Ke7 
35.Red1 cxb3 36.axb3 Rg6 37.Ra8 Rh6 38.Rh1 Rxh1 39.Bxh1 c5 40.Bf3 c4 41.
bxc4 Bxc4 42.Be2 Be6 43.Ba6 Rc7 44.Ke3 Kd6 45.Kd2 Kc5 46.Rb8 Rc6 47.Rb5+ 
Kd6 48.Bb7 Rc5 49.Rb1 Ra5 50.Ba8 Ra3 51.c3 Ra2+ 52.Ke3 Rc2 53.Rd1+ Ke7 54.
Kd3 Rg2 55.Bd5 Bxd5 56.exd5 Kd6 57.Ra1 Rxg3+ 58.Ke4 Rg4+ 59.Kf3 Rc4 60.
Rxa7 Rxc3+ 61.Ke4 Rc4+ 62.Ke3 f5 63.Rf7 f4+ 64.Kd3 Kxd5 65.Rd7+ Ke6 66.Rd8
Ra4 67.Rf8 e4+ 68.Ke2 Ra2+ 69.Ke1 Ke5 70.Kf1 e3 0-1

[Event "19th EUR-ch"]
[Site "Batumi GEO"]
[Date "2018.03.24"]
[Round "7.102"]
[White "Bernotas, Arturs"]
[Black "Mgeladze, Tamaz"]
[Result "0-1"]
[WhiteElo "2436"]
[BlackElo "2303"]
[EventDate "2018.03.17"]
[PlyCount "64"]

1.e4 c5 2.Nf3 d6 3.Bb5+ Bd7 4.Bxd7+ Qxd7 5.O-O Nc6 6.c3 Nf6 7.d4 Nxe4 8.d5
Ne5 9.Nxe5 dxe5 10.Re1 Nd6 11.Rxe5 g6 12.Na3 Bg7 13.Re1 O-O 14.Bf4 Rfe8 
15.Qb3 b6 16.Rad1 Rad8 17.g3 h5 18.Bxd6 Qxd6 19.Nc4 Qd7 20.a4 h4 21.Qb5 
Qg4 22.Ne3 Qc8 23.a5 bxa5 24.Nc4 a6 25.Qxa5 h3 26.Ne3 Bh6 27.Qa4 Qb7 28.
Nc4 Rxd5 29.Qxe8+ Kg7 30.Kf1 Rf5 31.Re3 Qg2+ 32.Ke2 Rxf2+ 0-1

[Event "19th EUR-ch"]
[Site "Batumi GEO"]
[Date "2018.03.24"]
[Round "7.103"]
[White "Hakobyan, Hovhannes H."]
[Black "Baghdasarian, Vahe"]
[Result "1/2-1/2"]
[WhiteElo "2280"]
[BlackElo "2431"]
[EventDate "2018.03.17"]
[PlyCount "56"]

1.e4 c5 2.Nf3 e6 3.Nc3 Nc6 4.Bb5 Nge7 5.O-O Qc7 6.Re1 a6 7.Bxc6 Nxc6 8.d4 
cxd4 9.Nxd4 Nxd4 10.Qxd4 f6 11.Be3 Bd6 12.f4 O-O 13.Rad1 Bxf4 14.Bxf4 Qxf4
15.Na4 b5 16.Nb6 Rb8 17.Qd6 Qxd6 18.Rxd6 Rb7 19.Red1 Rc7 20.c3 Bb7 21.Nxd7
Re8 22.e5 Kf7 23.R1d4 Ke7 24.Nc5 Bd5 25.Nxa6 Rb7 26.Nc5 Rc7 27.Na6 Rb7 28.
Nc5 Rc7 1/2-1/2

[Event "19th EUR-ch"]
[Site "Batumi GEO"]
[Date "2018.03.24"]
[Round "7.104"]
[White "Zavhorodnii, Serhii"]
[Black "Nuber, Blasius"]
[Result "1/2-1/2"]
[WhiteElo "2430"]
[BlackElo "2284"]
[EventDate "2018.03.17"]
[PlyCount "70"]

1.c4 Nf6 2.Nc3 e6 3.e4 d5 4.e5 d4 5.exf6 dxc3 6.bxc3 Qxf6 7.Bd3 Nd7 8.Nf3 
Bd6 9.Rb1 O-O 10.O-O Ne5 11.Be2 Nxf3+ 12.Bxf3 Qf4 13.g3 Qxc4 14.Qc2 c6 15.
Be4 h6 16.d3 Qc5 17.c4 e5 18.Bd2 Qa3 19.Rb3 Qa4 20.Qb2 Bh3 21.Rc1 b6 22.
Bb4 c5 23.Bc3 Rae8 24.Re1 Qd7 25.Qe2 Bg4 26.Qf1 Qa4 27.Rb2 Bd7 28.Rbe2 Re7
29.Bd5 Bg4 30.f3 Bf5 31.Bxe5 Bxe5 32.Rxe5 Rxe5 33.Rxe5 Bg6 34.Qe2 Qa3 35.
Re3 Qc3 1/2-1/2